|
|
|
|
| LEADER |
00000nam a22000007a 4500 |
| 005 |
20200205214014.0 |
| 007 |
cr|||| |||| |
| 008 |
200205s2018 ar |||||s|||| 00||0 spa d |
| 020 |
|
|
|a 978-950-817-410-9
|
| 035 |
|
|
|a 30969
|
| 040 |
|
|
|a vLex
|
| 090 |
|
|
|c 10117
|d 10117
|
| 100 |
1 |
|
|a Zuvilivia, Marina C.
|
| 245 |
1 |
0 |
|a Teora̕ y Prc̀tica Notarial 1
|h [Recurso electrn̤ico] /
|c Marina C. Zuvilivia
|
| 256 |
|
|
|a Servicio en ln̕ea
|
| 260 |
|
|
|a Buenos Aires:
|b Editorial Juris,
|c 2018
|
| 300 |
|
|
|a 1 recurso electrn̤ico
|
| 506 |
1 |
|
|a Disponible solo en los productos indicados
|d vLex Global
|d vLex Global (Academic Edition, excluding Law Schools)
|d vLex Global (U.S. Academic Edition, Law Schools)
|d vLex Global (U.S. Academic Edition, excluding Law Schools)
|d vLex Global (Academic Edition, Law Schools)
|
| 650 |
0 |
4 |
|a Derecho Laboral y Seguridad Social
|z Argentina
|
| 740 |
0 |
|
|a vLex Libros (Servicio en ln̕ea)
|
| 856 |
4 |
0 |
|u http://vlex.com/source/teoria-practica-notarial-1-30969
|z Acceso restringido
|
| 942 |
|
|
|c BOOK
|
| 999 |
0 |
|
|a Labor law and social security
|